Statistics for States by Median Income

Click here to take the quiz!

General Stats

  • This quiz has been taken 22 times
  • The average score is 14 of 15

Answer Stats

Answer% Correct
Maryland
100%
Massachusetts
100%
California
95%
Connecticut
95%
New Jersey
95%
New York
95%
Virginia
95%
Alaska
90%
Colorado
90%
Delaware
90%
New Hampshire
90%
Washington
90%
Hawaii
86%
Utah
86%
Minnesota
81%

Score Distribution

Percentile by Number Answered

Percent of People with Each Score

Your Score History

You have not taken this quiz